| 000 | 00823nas a2200265 4500 | ||
|---|---|---|---|
| 001 | BR8004635 | ||
| 003 | BR-BrBNA | ||
| 005 | 20231205084356.0 | ||
| 007 | ta | ||
| 008 | 230509b bl.|||p| |||| 00| 00por d | ||
| 040 |
_aBR-BrBNA _bpor _cBiblioteca Nacional de Agricultura |
||
| 041 | _a(Pt) | ||
| 072 | _aF00; E30; E70 | ||
| 110 | 1 |
_aInstituto Bahiano do Fumo, Salvador, (Brasil) _95679 |
|
| 245 | 1 | _aBahia comeca a modernizar a cultura de fumo [Nicotiana tabacum, Brasil] | |
| 650 | _aFUMO | ||
| 650 | _aPRATICA CULTURAL | ||
| 650 | _aRENDIMENTO | ||
| 650 | _aASSISTENCIA TECNICA | ||
| 650 | _aDESENVOLVIMENTO AGRICOLA | ||
| 650 | _aBAHIA | ||
| 773 | 0 |
_tDirigente Rural (Brazil) _xISSN 0012-3374 _g(Oct 1980), v. 19(10) p. 40-46 _wBR8004635 |
|
| 909 |
_a202311 _bLúcia _c55 _dLúcia Elande |
||
| 942 |
_2AGRIS _n0 _cANA |
||
| 999 |
_c104816 _d104816 |
||